NBA 1985 Playoffs Starters - Statistics

General Stats
  • This quiz has been taken 72 times
  • The average score is 33 of 80
Answer Stats
Team Player % Correct
Lakers Magic Johnson
98%
Celtics Dennis Johnson
95%
Bulls Michael Jordan
95%
Lakers Kareem Abdul-Jabbar
91%
Celtics Larry Bird
91%
Celtics Robert Parish
89%
Bullets Jeff Malone
86%
Celtics Kevin McHale
86%
76ers Moses Malone
86%
Rockets Hakeem Olajuwon
84%
Pistons Isiah Thomas
84%
Lakers James Worthy
84%
76ers Julius Erving
84%
Trail Blazers Clyde Drexler
82%
Celtics Danny Ainge
73%
Nuggets Alex English
70%
Pistons Bill Laimbeer
70%
76ers Bobby Jones
70%
Spurs George Gervin
70%
Nets Buck Williams
66%
Bullets Cliff Robinson
66%
Bullets Gus Williams
66%
Lakers Kurt Rambis
66%
Jazz Rickey Green
66%
Lakers Byron Scott
61%
76ers Maurice Cheeks
61%
Rockets Ralph Sampson
59%
Bucks Sidney Moncrief
59%
Mavericks Rolando Blackman
57%
Spurs Artis Gilmore
55%
Jazz Adrian Dantley
52%
Spurs Adrian Dantley
52%
Mavericks Mark Aguirre
52%
Jazz Mark Eaton
50%
Nets Albert King
45%
Mavericks Brad Davis
43%
Nuggets Fat Lever
43%
Nuggets Wayne Cooper
43%
Cavaliers Mark West
32%
Bucks Terry Cummings
32%
Rockets John Lucas
27%
Nets Michael Ray Richardson
27%
76ers Andrew Toney
25%
Pistons Kelly Tripucka
25%
Cavaliers World B. Free
25%
Nets Darryl Dawkins
23%
Trail Blazers Kiki Vandeweghe
23%
Bucks Paul Pressey
23%
Mavericks Sam Perkins
23%
Trail Blazers Kenny Carr
20%
Spurs Mike Mitchell
20%
Trail Blazers Sam Bowie
20%
Jazz Thurl Bailey
20%
Suns Alvan Adams
18%
Pistons John Long
18%
Bulls Orlando Woolridge
18%
Bullets Jeff Ruland
16%
Bucks Alton Lister
14%
Bulls Dave Corzine
14%
Mavericks Jay Vincent
14%
Rockets Rodney McCray
14%
Nuggets Calvin Natt
11%
Jazz Darrell Griffith
11%
Spurs Johnny Moore
9%
Suns Kyle Macy
9%
Bulls Wes Matthews
9%
Bucks Craig Hodges
7%
Bulls Dave Greenwood
7%
Nuggets T.R. Dunn
7%
Pistons Dan Roundfield
5%
Trail Blazers Darnell Valentine
5%
Suns Jay Humphries
5%
Cavaliers John Bagley
5%
Rockets Lewis Lloyd
5%
Cavaliers Phil Hubbard
5%
Suns Charles Pittman
2%
Nets Kelvin Ransey
2%
Suns Mike Sanders
2%
Cavaliers Roy Hinson
2%
Bullets Darren Dave
0%
No matching quizzes found
Score Distribution
Percent of People with Each Score
Percentile by Number Answered
Your Score History
You have not taken this quiz